书目信息 |
| 题名: |
少花蒺藜草监测与防治
|
|
| 作者: | 付卫东 , 张国良 , 王忠辉 著 | |
| 分册: | ||
| 出版信息: | 北京 中国农业出版社 2018 |
|
| 页数: | 177页 | |
| 开本: | 21cm | |
| 丛书名: | 外来入侵生物防控系列丛书 | |
| 单 册: | ||
| 中图分类: | S544 | |
| 科图分类: | ||
| 主题词: | 禾本科牧草--he ben ke mu cao--一年生植物--侵入种--监测 , 禾本科牧草--he ben ke mu cao--一年生植物--侵入种--防治 | |
| 电子资源: | ||
| ISBN: | 978-7-109-24897-7 | |
| 000 | 01252nam 2200313 450 | |
| 001 | 012001003710 | |
| 005 | 20131105114740.0 | |
| 010 | @a978-7-109-24897-7@dCNY58.00 | |
| 099 | @aCAL 012019085812 | |
| 100 | @a20190326d2018 em y0chiy50 ea | |
| 101 | 0 | @achi |
| 102 | @aCN@b110000 | |
| 105 | @aak a 000yy | |
| 106 | @ar | |
| 200 | 1 | @a少花蒺藜草监测与防治@Ashao hua ji li cao jian ce yu fang zhi@f付卫东, 张国良, 王忠辉等著 |
| 210 | @a北京@c中国农业出版社@d2018 | |
| 215 | @a177页@c图@d21cm | |
| 225 | 2 | @a外来入侵生物防控系列丛书@Awai lai ru qin sheng wu fang kong xi lie cong shu |
| 320 | @a有书目 (第169-177页) | |
| 330 | @a本书介绍了少花蒺藜草的分类地位、形态特征、生物学与生态学特性、发生与危害、检验检疫、调查与监测、综合防控等方面的基本知识和技术,以期为广大基层农技人员和普通民众识别少花蒺藜草和开展防控工作提供指导和参考。 | |
| 410 | 0 | @12001 @a外来入侵生物防控系列丛书 |
| 606 | 0 | @a禾本科牧草@Ahe ben ke mu cao@x一年生植物@x侵入种@x监测 |
| 606 | 0 | @a禾本科牧草@Ahe ben ke mu cao@x一年生植物@x侵入种@x防治 |
| 690 | @aS544@v5 | |
| 701 | 0 | @a付卫东@AFu Weidong@4著 |
| 701 | 0 | @a张国良@AZhang Guoliang@4著 |
| 701 | 0 | @a王忠辉@AWang Zhonghui@4著 |
| 801 | 0 | @aCN@b上海新华@c20191020 |
| 905 | @b1206360-3@dS544@e116@f4 | |
| 少花蒺藜草监测与防治/付卫东, 张国良, 王忠辉等著.-北京:中国农业出版社,2018 |
| 177页:图;21cm.-(外来入侵生物防控系列丛书) |
| ISBN 978-7-109-24897-7:CNY58.00 |
| 本书介绍了少花蒺藜草的分类地位、形态特征、生物学与生态学特性、发生与危害、检验检疫、调查与监测、综合防控等方面的基本知识和技术,以期为广大基层农技人员和普通民众识别少花蒺藜草和开展防控工作提供指导和参考。 |
| ● |
| 相关链接 |
|
|
|
|
正题名:少花蒺藜草监测与防治
索取号:S544/116
 
预约/预借
| 序号 | 登录号 | 条形码 | 馆藏地/架位号 | 状态 | 备注 |
| 1 | 1206360 | 212063602 | 第二样本阅览室/ [索取号:S544/116] | 在馆 | |
| 2 | 1206361 | 212063611 | 第三借阅区/ [索取号:S544/116] | 在馆 | |
| 3 | 1206362 | 212063620 | 第三借阅区/ [索取号:S544/116] | 在馆 | |
| 4 | 1206363 | 212063639 | 第三借阅区/ [索取号:S544/116] | 在馆 |